000 00334nam a2200121 a 4500
005 20141022142006.0
008 080929s19uu xx 00 eng d
050 _aVCD
_bB29
245 _aBasic selling skills a.k.a fundamentals of effective selling.
650 _aVCD.
650 _aFundamentals of effective selling.
942 _cAVM
999 _c276522
_d276522